000 00319nam a2200133Ia 4500
008 231129s2005||||xx |||||||||||||| ||spa||
040 _bspa
082 _aCo861 ó15o
100 _aOcampo Marin Hector
245 0 _aOdas heroicas
260 _c2005
264 _aBogotá Colombia : Ideas y Color
942 _2ddc
_cBKS
999 _c22049
_d22049